|
|
|
|
| LEADER |
01836nam a22002777a 4500 |
| 001 |
33176 |
| 003 |
BD-DhAAL |
| 005 |
20250625160455.0 |
| 008 |
180606t20062010enk |||| |||| 00| 0 eng d |
| 020 |
|
|
|a 9781408809365
|
| 040 |
|
|
|a BD-DhAAL
|c BD-DhAAL
|d BD-DhAAL
|
| 082 |
|
|
|a 910.4092
|
| 100 |
|
|
|a Gilbert, Elizabeth.
|9 21545
|
| 245 |
|
|
|a Eat, pray, love :
|b one woman's search for everything /
|c Elizabeth Gilbert.
|
| 250 |
|
|
|a Paperback edition 2010.
|
| 260 |
|
|
|a London :
|b Bloomsbury Publishing Plc,
|c c2006.
|
| 300 |
|
|
|a 349 pages ;
|c 22 cm.
|
| 520 |
|
|
|a t's 3 a.m. and Elizabeth Gilbert is sobbing on the bathroom floor. She's in her thirties, she has a husband, a house, they're trying for a baby - and she doesn't want any of it. A bitter divorce and a turbulent love affair later, she emerges battered and bewildered and realises it is time to pursue her own journey in search of three things she has been missing: pleasure, devotion and balance. So she travels to Rome, where she learns Italian from handsome, brown-eyed identical twins and gains twenty-five pounds, an ashram in India, where she finds that enlightenment entails getting up in the middle of the night to scrub the temple floor, and Bali where a toothless medicine man of indeterminate age offers her a new path to peace: simply sit still and smile. And slowly happiness begins to creep up on her.
|
| 526 |
|
|
|a AAL
|
| 541 |
|
|
|a Complimentary Copy
|e 33176
|
| 600 |
|
|
|a Gilbert, Elizabeth, 1969
|x Travel.
|9 21546
|
| 650 |
|
|
|a Travel writers
|x Biography
|z United States.
|9 21547
|
| 852 |
|
|
|a Ayesha Abed Library
|c General Stacks
|
| 942 |
|
|
|2 ddc
|c BK
|
| 999 |
|
|
|c 39505
|d 39505
|
| 952 |
|
|
|0 0
|1 0
|2 ddc
|4 0
|6 910_409200000000000_GIL
|7 0
|9 63511
|a BRACUL
|b BRACUL
|c GEN
|d 2018-06-06
|e Complimentary copy
|l 13
|m 161
|o 910.4092 GIL
|p 3010033176
|r 2025-12-17
|s 2025-07-13
|t 1
|w 2018-06-06
|y BK
|